Aplikácia metódy DOE pri určovaní optimálnych parametrov práškovacej linky

Gespeichert in:
Bibliographische Detailangaben
1. Verfasser: Hyža, Lukáš (Verfasst von)
Weitere Verfasser: Kučerová, Marta (Betreuung Doktorarbeit)
Format: Manuskript Buch
Sprache:Slowakisch
Veröffentlicht: 2015
Schlagworte:
Online-Zugang:http://is.stuba.sk/zp/portal_zp.pl?podrobnosti=109962
Tags: Tag hinzufügen
Keine Tags, Fügen Sie das erste Tag hinzu!

MARC

LEADER 00000ntm a22000003a 4500
001 stuzp50578
003 SK-STU
005 20160719153610.5
007 ta
008 150427s2015----xo-----f-mn---000-0-slo-d
040 |a STU  |b slo 
041 0 |a slo 
100 1 |a Hyža, Lukáš  |u 065000  |4 aut  |U MTF Materiálovotechnologická fakulta  |T MTF Ústav bezpečnosti, environmentu a kvality  |X 6483  |U M5000  |Y 85  |7 A000006483 
242 0 1 |a Application of DOE method for determining optimal parameters for powdering line  |y eng 
245 1 0 |a Aplikácia metódy DOE pri určovaní optimálnych parametrov práškovacej linky 
260 |c 2015 
650 4 |a experimenty  |2 slo 
650 4 |a optimálne parametre  |2 slo 
650 4 |a proces práškovania  |2 slo 
650 4 |a experiments  |2 eng 
650 4 |a optimal parameters  |2 eng 
650 4 |a powdering process  |2 eng 
700 1 |a Kučerová, Marta  |4 ths  |X 1489  |7 A000001489 
856 4 |u http://is.stuba.sk/zp/portal_zp.pl?podrobnosti=109962 
996 |c M* DP-12541  |l MMSKP  |s P  |a 0  |w stuzp50578_0001 
SQL |a stuzp50578  |b DDP  |c SLO  |d Aplikácia metódy DOE pri určovaní optimálnych parametrov práškovacej linky  |e 6483  |f Hyža, Lukáš  |g 065000  |h 1489  |i Kučerová, Marta  |j 20150611  |k 183  |l 06  |m http://is.stuba.sk/zp/portal_zp.pl?podrobnosti=109962  |n I-IKP  |o 5.2.57. kvalita produkcie